Vista normal
Vista MARC
Entrada Materia (personas)
Número de registros utilizados en: 1
001 - CONTROL NUMBER
- control field: 101002
003 - CONTROL NUMBER IDENTIFIER
- control field: Co-BoUCM
005 - DATE AND TIME OF LATEST TRANSACTION
- control field: 20201125122657.0
008 - FIXED-LENGTH DATA ELEMENTS
- fixed length control field: 200915|| aca||aabn | a|a d
040 ## - CATALOGING SOURCE
- Original cataloging agency: Co-BoUCM
- Transcribing agency: Co-BoUCM
100 1# - HEADING--PERSONAL NAME
- Personal name: Mack, Valerie Lippoldt
670 ## - SOURCE DATA FOUND
- Source citation: Work cat.: (Co-BoUCM): Valerie Lippoldt Mack , Putting the SHOW in CHOIR: The Ultimate Handbook for Your Rehearsal and Performance